| 000 | 00906cam a2200253 i 4500 | ||
|---|---|---|---|
| 001 | 2303555 | ||
| 003 | GBCCL | ||
| 005 | 20241126110429.0 | ||
| 008 | 801007s1954 miu 000 0 eng | ||
| 010 | _a 80131181 | ||
| 020 |
_a0310329116 (pbk.) : _c$7.95 |
||
| 040 |
_aDLC _cDLC _dDLC |
||
| 050 | 0 | 0 |
_aBV4211 _b.S6894 1954 |
| 082 | 0 | 0 |
_a251 _219 _bSPU |
| 100 | 1 |
_aSpurgeon, C. H. _q(Charles Haddon), _d1834-1892. _9222 |
|
| 245 | 1 | 0 |
_aLectures to my students : _bcomplete & unabridged / _cC. H. Spurgeon. |
| 250 | _aNew ed. containing selected lectures from series 1, 2, and 3, 1954. | ||
| 260 |
_aGrand Rapids, Mich. : _bZondervan Pub. House, _c1954, 1980 printing. |
||
| 300 |
_a443 p. ; _c22 cm. |
||
| 650 | 0 |
_aPreaching. _9404 |
|
| 856 | 4 | 2 |
_3Publisher description _uhttp://www.loc.gov/catdir/enhancements/fy0633/80131181-d.html |
| 906 |
_a7 _bcbc _corignew _d2 _encip _f19 _gy-gencatlg |
||
| 942 |
_2ddc _cBK |
||
| 999 |
_c2434 _d2434 |
||